Европа (Запис номер 101310)
[ съкратено ]
| 000 -Лидер | |
|---|---|
| Контролно поле с фиксирана дължина | 01609nam a2200349 c 4500 |
| 003 - Код на организацията, давaща контролен номер | |
| Контролно поле | BLK |
| 005 - Дата и час на последна редакция | |
| Контролно поле | 20180422105406.0 |
| 008 - Елементи от данни с фиксирана дължина | |
| fixed length control field | 180409b bul|||||r ||||||| ||bul|| |
| 010 ## - Наследен системен номер | |
| LC control number | KNG00106353000 |
| 040 ## - Източник на каталожния запис | |
| Идентификатор на билиотеката - собственик на записа | BLK |
| 041 ## - Код за език | |
| Код за езика на текст/звукозапис или на отделно заглавие | Български |
| Код за езика КДБФ | Български |
| 080 ## - УДК | |
| Текстов определител УДК | География на Европа |
| УДК код - определител по УДК | 913(4) |
| УДК определител | (035) |
| УДК - код + определител | 913(4)(035) |
| 080 ## - УДК | |
| Текстов определител УДК | Забавно пътуване. Туризъм - пътуване пеша, с кола, колело, автобус, влак, параход, самолет, изкачване на планина, ездене и др. п. |
| УДК код - определител по УДК | 379.85 |
| УДК определител | (4)(035) |
| УДК - код + определител | 379.85(4)(035) |
| 100 1# - Редна дума - Автор | |
| Автор | Христова, Надежда |
| Авторска отговорност | първи автор |
| Автор - информация (биография) | Алексова, Бистра Спасова |
| R(LIN) | 372778 |
| 139 ## - Редно поле | |
| Редна дума | Христова, Надежда и др. |
| Авторски знак | Христова - Х 79 |
| 245 10 - Сведения за заглавието | |
| Заглавие | Европа |
| Подзаглавни данни | Турист. справочник |
| Редно поле (дума) | Надежда Христова; съавт. Мирослав Найденов. |
| 257 ## - Страна на издаване | |
| Страна на създаване/издаване | България |
| 260 ## - Област на издателските данни | |
| -- | София |
| Име на издателя, разпространителя и проч. | Arte nouo |
| Година на издаване | 2003 |
| Печатница | София : Миско принт |
| 300 ## - Физическа характеристика | |
| Страници | 256 с. |
| Илюстрации и др. | с табл. |
| Размери/Мащаб | 24 см |
| 380 ## - Жанр | |
| Жанр | География |
| 650 #4 - Допълнително описание по предмет – тема | |
| Основно описание – тема или топоним | Европа - справочници |
| 9 (RLIN) | 253467 |
| 650 #4 - Допълнително описание по предмет – тема | |
| Основно описание – тема или топоним | Туризъм, международен - Европа |
| 9 (RLIN) | 308772 |
| 653 ## - Ключова дума – ненормативна | |
| Ключова дума | туристическо обслужване |
| 653 ## - Ключова дума – ненормативна | |
| Ключова дума | Европа |
| 653 ## - Ключова дума – ненормативна | |
| Ключова дума | туристически забележителности |
| 700 1# - Други автори (авторска отговорност) | |
| Лично име | Найденов, Мирослав |
| Автороска отговорност (Описва отношението между автора и произведението) | съавт. |
| 9 (RLIN) | 374754 |
| 852 ## - Местоположение | |
| Форматна сигнатура | Цб 214977 |
| 856 4# - Електронен адрес и достъп | |
| Електронен формат | pdf - файл |
| Път до файла /url/ | |
| 856 4# - Електронен адрес и достъп | |
| Електронен формат | pdf - файл |
| Път до файла /url/ | |
| 942 ## - АРТИКУЛИ | |
| Вид на библиотечния материал | Книги |
| Скрит в OPAC | Не |
| 944 ## - СЪЗДАВАНЕ И РЕДАКЦИЯ на ЗАПИСА | |
| Създаване/Редакция | Създаване |
| Дата на регистрацията/редакция | 01.01.2003 |
| Служител, извършил регистрацията/редакцията | Геновева_Генчева |
| 944 ## - СЪЗДАВАНЕ И РЕДАКЦИЯ на ЗАПИСА | |
| Създаване/Редакция | Редакция |
| Дата на регистрацията/редакция | 15.04.2004 |
| Служител, извършил регистрацията/редакцията | |
| 999 ## - СИСТЕМНИ КОНТРОЛНИ НОМЕРА | |
| Koha biblionumber | 101310 |
| Koha biblioitemnumber | 101310 |
| Код за отписване | Код за изгубен артикул | Код за повреда | Коз за рестрикции | Код за отдаване | Артикулен № | Име на библиотеката - собственик | Име на библиотеката, в която се намира в момента | Статус (Текущо местоположение) | Дата на вписване в системата | Местоположение - отдел | Цена в лева | Инвентарен номер | Систематично азбучна сигнатура | Баркод | Номер на екземпляра | Цена в евро | Служебна бележка | Служебен тип на артикула |
|---|---|---|---|---|---|---|---|---|---|---|---|---|---|---|---|---|---|---|
| Изтеглен | Не е изгубен | Не е повреден | без рестрикции | ползва се в читалня | 163077 | Регионална библиотека "Любен Каравелов" Русе | Регионална библиотека "Любен Каравелов" Русе | Читалня | 2003-05-27 | Читалня | 7.80 | 120000676448 | Ч 914/Х 79 | 120000676448 | 1 | 3.99 | Дост: Pk Вид: Ф N: 3 Дата: 27.05.2003 Дата инв: 28.03.2017 Бележки инв: Ч2017 | Книги |
| Не е изгубен | Не е повреден | без рестрикции | ползва се в читалня | 163078 | Регионална библиотека "Любен Каравелов" Русе | Регионална библиотека "Любен Каравелов" Русе | Хранилище | 2004-03-12 | Хранилище | 7.80 | 120000683605 | Цб 214977 | 120000683605 | 2 | 3.99 | Дост: Dp Вид: Д N: 18 Дата: 16.04.2003 | Книги |